Welcome to the Holygrace Academy Library

Please use search bar below to get started

JEEVITHA CHINTHAKAL -ARTICLES (Record no. 6789)

MARC details
000 -LEADER
fixed length control field 00435nam a22001577a 4500
020 ## - INTERNATIONAL STANDARD BOOK NUMBER
ISBN 978-81-264-7382-2
082 ## - DEWEY DECIMAL CLASSIFICATION NUMBER
Classification number 894.812
Item number KES/J
100 ## - MAIN ENTRY--AUTHOR NAME
Personal name KESAVAMENON, K.P
245 ## - TITLE STATEMENT
Title JEEVITHA CHINTHAKAL -ARTICLES
246 ## - VARYING FORM OF TITLE
Title proper/short title JEEVITHA CHINTHAKAL -ARTICLES
Remainder of title JEEVITHA CHINTHAKAL -ARTICLES
260 ## - PUBLICATION, DISTRIBUTION, ETC. (IMPRINT)
Place of publication KOZHIKODE
Name of publisher MATHRUBHUMI PRESS
Year of publication 2022
300 ## - PHYSICAL DESCRIPTION
Number of Pages 159
520 ## - SUMMARY, ETC.
Summary, etc JEEVITHA CHINTHAKAL
650 ## - SUBJECT ADDED ENTRY--TOPICAL TERM
Topical Term MALAYALAM ARTICLES
942 ## - ADDED ENTRY ELEMENTS (KOHA)
Koha item type Books
Holdings
Withdrawn status Lost status Collection code Home library Current library Shelving location Date acquired Source of acquisition Cost, normal purchase price Full call number Accession Number Koha item type
    Non-fiction Main Library Main Library NEW SHELF WITH NEW ENTRY 27/09/2023 Purchase 250.00 894.812 KES/J 12869 Books